01158nas a2200301 4500001001300000003000900013005001700022007000300039008003400042040005400076041000900130072001300139100002400152100002300176100001800199245019900217650001000416650002200426650002300448650000900471650001900480773009200499856003400591909004000625942001800665999001900683952015400702BR2019000968BR-BrBNA20231205131747.0ta230509b bl.|||p| |||| 00| 00por d aBR-BrBNAbporcBiblioteca Nacional de Agricultura a(Pt) aH20; H011 aAlbuquerque, P.S.B.1 aMota, J.W. da S. e1 aAndebrhan, T.1 aPoda fitossanitária na recuperação de roças de cacau (Theobroma cacao)com alta incidência de vassoura-de-bruxa (Crinipellis perniciosa)em Rondônia: aspectos técnicos e econômicos aCACAU aVASSOURA-DE-BRUXA aDOENÇA FÚNGICA aPODA aDEFESA VEGETAL0 tAgrotrópica (Brazil)xISSN 0103-3816 g(May-Aug 1995), v. 7(2) p. 43-48wBR201900096840dLink DSPACE/MAPA BR2019000968 a202311bLúciac55dLúcia Elande 2AGRISn0cANA c256536d256536 002AGRIS4071a41918b41918cPeriódicos Agrícolash(May-Aug 1995), v. 7(2) p. 43-48l0r2023-11-29t01yCRePortaria Interministerial nº 164/94